| 000 | 01203cam a2200337 a 4500 | ||
|---|---|---|---|
| 001 | 12188982 | ||
| 003 | OSt | ||
| 005 | 20180419192829.0 | ||
| 008 | 000928s2000 enk 000 0 eng d | ||
| 010 | _a 00708883 | ||
| 015 | _aGB 99-U9824 | ||
| 020 | _a0198776268 | ||
| 035 | _a(OCoLC)ocm43529724 | ||
| 040 |
_aEQO _cEQO _dOCL _dDLC |
||
| 042 | _alccopycat | ||
| 050 | 0 | 0 |
_aHC59.72.P6 _bP672 2000 |
| 082 | 0 | 0 |
_a338.4 _221 _bPOV 2000 |
| 100 |
_aEdited by Tim, Allen; Alan, Thomas. _912616 |
||
| 245 | 0 | 0 | _aPoverty and Development into the 21st Century |
| 260 |
_a Oxford University Press _c2000. |
||
| 300 |
_axi, 572 p. : _bill. ; _c25 cm. |
||
| 504 | _aincludes Index | ||
| 650 | 0 |
_aPoverty _97525 |
|
| 651 | 0 |
_aEconomic Development _91026 |
|
| 740 | 0 | 2 | _aPoverty and development in the 1990's. |
| 856 | 4 | 2 |
_3Publisher description _uhttp://www.loc.gov/catdir/enhancements/fy0611/00708883-d.html |
| 856 | 4 | 1 |
_3Table of contents only _uhttp://www.loc.gov/catdir/enhancements/fy0611/00708883-t.html |
| 856 | 4 | 2 |
_3Contributor biographical information _uhttp://www.loc.gov/catdir/enhancements/fy0722/00708883-b.html |
| 906 |
_a7 _bcbc _ccopycat _d2 _encip _f20 _gy-gencatlg |
||
| 942 |
_2ddc _cSLOAN |
||
| 999 |
_c3411 _d3411 |
||